[Event "ch-RUS Blitz 2017"]
[Site "Sochi RUS"]
[Date "2017.10.02"]
[Round "2.22"]
[White "Moskalenko, Alexander"]
[Black "Mnatsakanian, Arsen"]
[Result "1-0"]
[WhiteTitle "IM"]
[WhiteElo "2531"]
[BlackElo "2200"]
[WhiteFideId "4155351"]
[BlackFideId "24189820"]
[EventDate "2017.10.02"]
[EventType "blitz"]

1. d4 Nf6 2. Bg5 e6 3. e4 Be7 4. Bd3 h6 5. Bh4 d5 6. e5 Ne4 7. Bxe7 Qxe7 8. Nd2
Nxd2 9. Qxd2 c5 10. c3 Nc6 11. Ne2 O-O 12. O-O cxd4 13. cxd4 Qb4 14. Qe3 Bd7 15.
a3 Qb6 16. b4 a5 17. b5 Ne7 18. a4 Nf5 19. Bxf5 exf5 20. Nf4 Be6 21. Rac1 Rac8
22. Rc5 Qd8 23. Rfc1 Rxc5 24. Rxc5 g5 25. Nh5 Qe7 26. Nf6+ Kg7 27. h4 g4 28. b6
Rc8 29. Nxd5 Qxh4 30. Rxc8 Bxc8 31. Nf6 Be6 32. d5 Bc8 33. d6 h5 34. Qf4 Bd7 35.
Nxd7 Qd8 36. Qxf5 1-0

[Event "ch-RUS Blitz 2017"]
[Site "Sochi RUS"]
[Date "2017.10.02"]
[Round "2.23"]
[White "Perov, German"]
[Black "Sarana, Alexey"]
[Result "0-1"]
[BlackTitle "GM"]
[WhiteElo "2162"]
[BlackElo "2541"]
[WhiteFideId "44111410"]
[BlackFideId "24133795"]
[EventDate "2017.10.02"]
[EventType "blitz"]

1. e4 d6 2. d4 Nf6 3. Nc3 e5 4. Nge2 Nc6 5. h3 g6 6. g4 Bg7 7. Bg2 exd4 8. Nxd4
Nxd4 9. Qxd4 O-O 10. Qd3 c6 11. O-O Be6 12. Bf4 d5 13. exd5 Nxd5 14. Nxd5 cxd5
15. c3 Qb6 16. Be3 Qxb2 17. Bxd5 Rad8 18. c4 Qe5 19. f4 Qc7 20. Rab1 Rfe8 21.
Rfd1 b6 22. Qb3 Bxd5 23. cxd5 Qe7 24. Bf2 Qd6 25. Qa4 Re2 26. Re1 Rxe1+ 27. Rxe1
Qxd5 28. Qxa7 Bd4 29. Qe7 Bxf2+ 30. Kxf2 Qxa2+ 31. Re2 Qd5 32. h4 Qc5+ 33. Qxc5
bxc5 34. Rc2 Rc8 35. Ke3 Kf8 36. Ke4 Ke7 37. Kd5 Rd8+ 38. Ke5 f6+ 39. Ke4 Rd4+
40. Ke3 Kd6 41. Ra2 Kd5 42. Ra6 f5 43. gxf5 gxf5 44. Rh6 Re4+ 45. Kf3 Re7 46.
Rf6 c4 47. Rxf5+ Kd4 48. Rf8 c3 49. Rd8+ Kc4 50. f5 c2 51. Rc8+ Kd3 52. Kf4 Re4+
53. Kg5 Rc4 0-1

[Event "ch-RUS Blitz 2017"]
[Site "Sochi RUS"]
[Date "2017.10.02"]
[Round "2.24"]
[White "Kobalia, Mikhail"]
[Black "Chekletsov, Ilya"]
[Result "1-0"]
[WhiteTitle "GM"]
[BlackTitle "FM"]
[WhiteElo "2596"]
[BlackElo "2372"]
[WhiteFideId "4119150"]
[BlackFideId "24177156"]
[EventDate "2017.10.02"]
[EventType "blitz"]

1. e4 e5 2. Nf3 Nf6 3. Nc3 Nc6 4. Bb5 Bb4 5. O-O O-O 6. d3 d6 7. Bxc6 bxc6 8.
Ne2 h6 9. Ng3 Bg4 10. h3 Be6 11. Kh2 Nh7 12. Be3 Ba5 13. d4 exd4 14. Nxd4 Qd7
15. Ndf5 Bb6 16. Bxh6 gxh6 17. Qg4+ Ng5 18. Nxh6+ Kh7 19. Qxg5 Bd4 20. Qh5 Kg7
21. Ngf5+ Kf6 22. Ng4# 1-0

[Event "ch-RUS Blitz 2017"]
[Site "Sochi RUS"]
[Date "2017.10.02"]
[Round "2.25"]
[White "Kryzhanovskiy, Mikhail"]
[Black "Hasangatin, Ramil"]
[Result "0-1"]
[BlackTitle "GM"]
[WhiteElo "2008"]
[BlackElo "2496"]
[WhiteFideId "24145769"]
[BlackFideId "4122160"]
[EventDate "2017.10.02"]
[EventType "blitz"]

1. Nf3 d6 2. d4 Bg4 3. e4 Nf6 4. Nc3 e6 5. h3 Bh5 6. Be2 c6 7. O-O d5 8. Bg5 Be7
9. Bxf6 Bxf6 10. e5 Be7 11. Nh2 Bg6 12. Bd3 c5 13. Bxg6 hxg6 14. Ne2 Qb6 15. c3
Nc6 16. Nf3 Rc8 17. Qd2 Qa6 18. Rfc1 b5 19. a4 O-O 20. axb5 Qxb5 21. Ra2 Na5 22.
Rca1 Nb3 23. Re1 a5 24. Qf4 Qc4 25. h4 0-1

[Event "ch-RUS Blitz 2017"]
[Site "Sochi RUS"]
[Date "2017.10.02"]
[Round "2.26"]
[White "Demidov, Mikhail"]
[Black "Pervakov, Sergey"]
[Result "1-0"]
[WhiteTitle "IM"]
[WhiteElo "2521"]
[BlackElo "2137"]
[WhiteFideId "4197143"]
[BlackFideId "14111543"]
[EventDate "2017.10.02"]
[EventType "blitz"]

1. Nf3 d6 2. d4 Nf6 3. g3 g6 4. b3 Bg7 5. Bb2 O-O 6. Bg2 Nbd7 7. O-O c5 8. c4
Rb8 9. Nc3 a6 10. e4 b5 11. e5 dxe5 12. dxe5 Ng4 13. e6 fxe6 14. Qe2 Nge5 15.
Nxe5 Bxe5 16. Rad1 Qc7 17. cxb5 Bd4 18. bxa6 Nf6 19. Nb5 Bxa6 20. Qxe6+ 1-0

[Event "ch-RUS Blitz 2017"]
[Site "Sochi RUS"]
[Date "2017.10.02"]
[Round "2.27"]
[White "Bargandzhiya, Zaza"]
[Black "Rozum, Ivan"]
[Result "1/2-1/2"]
[BlackTitle "GM"]
[WhiteElo "2094"]
[BlackElo "2590"]
[WhiteFideId "24180866"]
[BlackFideId "24104272"]
[EventDate "2017.10.02"]
[EventType "blitz"]

1. e4 d6 2. d4 Nf6 3. Nc3 g6 4. f3 c6 5. Be3 Nbd7 6. Qd2 b5 7. Nge2 Bb7 8. g4 a6
9. h4 h5 10. g5 Nh7 11. f4 Qc7 12. f5 c5 13. fxg6 fxg6 14. Nf4 Rg8 15. Ne6 Qc8
16. Nd5 Bxd5 17. exd5 Bg7 18. Bd3 Nhf8 19. Rf1 cxd4 20. Nxg7+ Rxg7 21. Bxd4 Ne5
22. Bxe5 dxe5 23. Qf2 Kd7 24. O-O-O Kc7 25. Qc5+ Kb7 26. Qe3 Nd7 27. d6 Ra7 28.
Be4+ Kb8 29. dxe7 Rxe7 30. Bxg6 Rc7 31. Kb1 Rc4 32. Bf5 Rxh4 33. Bxd7 Rxd7 34.
Rxd7 Qxd7 35. Qxe5+ Kb7 36. g6 Rg4 37. Qxh5 Qe6 38. Qh1+ Kb6 39. Qa8 Qxg6 40.
Qd8+ Kb7 41. Qd7+ Kb6 42. Qd8+ Kb7 43. Qd7+ Kb6 44. Qd8+ Kb7 45. Qd7+ Kb6 46.
Qd8+ Kb7 1/2-1/2

[Event "ch-RUS Blitz 2017"]
[Site "Sochi RUS"]
[Date "2017.10.02"]
[Round "2.28"]
[White "Yuffa, Daniil"]
[Black "Uzhva, Andrey"]
[Result "1-0"]
[WhiteTitle "GM"]
[BlackTitle "FM"]
[WhiteElo "2527"]
[BlackElo "2270"]
[WhiteFideId "24131423"]
[BlackFideId "4160797"]
[EventDate "2017.10.02"]
[EventType "blitz"]

1. e4 c5 2. Nf3 g6 3. g3 Bg7 4. Bg2 Nc6 5. O-O d6 6. c3 Nf6 7. Re1 O-O 8. a4 Bg4
9. d3 Ne5 10. Bf4 Bxf3 11. Bxf3 Nxf3+ 12. Qxf3 Qb6 13. Qe2 Nd7 14. Na3 Rac8 15.
Nc4 Qc6 16. Qd2 Rfd8 17. Ne3 Kf8 18. Nc4 Kg8 19. h3 b6 20. Kh2 a6 21. Qe2 b5 22.
axb5 axb5 23. Ne3 b4 24. Nd5 Kf8 25. cxb4 e6 26. b5 Qxb5 27. Bxd6+ Ke8 28. Nc7+
Rxc7 29. Bxc7 Rc8 30. Bf4 Ne5 31. Bxe5 Bxe5 32. Ra2 Rd8 33. Rd1 Kf8 34. Qc2 Kg7
35. b3 Rd4 36. Ra4 Rd7 37. Rc4 Bd4 38. Rb1 Rb7 39. b4 Rb8 40. Kg2 Rb7 41. Rb3
Rb8 42. Qb1 Rb7 43. bxc5 Qxb3 44. Qxb3 Rxb3 45. Rxd4 Rc3 46. Rc4 Rxd3 47. c6 Rd8
48. Rb4 Rc8 49. Rb6 Kf6 50. f4 Ke7 51. Rb7+ Ke8 52. Rb6 Ke7 53. e5 Kd8 54. Kf3
h5 55. g4 hxg4+ 56. hxg4 Kc7 57. Rb7+ Kxc6 58. Rxf7 Rg8 59. Re7 Kd5 60. Rd7+ Kc5
61. Rd6 Re8 62. Ke4 Re7 63. Rd8 Rg7 64. Rc8+ Kb6 65. Re8 g5 66. Rxe6+ Kc7 67. f5
Kd7 68. Ra6 1-0

[Event "ch-RUS Blitz 2017"]
[Site "Sochi RUS"]
[Date "2017.10.02"]
[Round "3.1"]
[White "Kryakvin, Dmitry"]
[Black "Andreikin, Dmitry"]
[Result "0-1"]
[WhiteTitle "GM"]
[BlackTitle "GM"]
[WhiteElo "2583"]
[BlackElo "2708"]
[WhiteFideId "4153278"]
[BlackFideId "4158814"]
[EventDate "2017.10.02"]
[EventType "blitz"]

1. d4 d5 2. c4 c6 3. cxd5 cxd5 4. Bg5 Nc6 5. Nc3 f6 6. e4 e6 7. Be3 Bb4 8. Bd3
Nge7 9. Nf3 dxe4 10. Bxe4 Nd5 11. Qd3 f5 12. Bxd5 Qxd5 13. O-O Bxc3 14. bxc3 O-O
15. c4 Qd8 16. d5 Na5 17. d6 b6 18. Bg5 Qe8 19. Be7 Rf7 20. Ne5 Bd7 21. Rfe1 Rc8
22. Rac1 Rc5 23. Nxf7 Qxf7 24. h3 h6 25. Rc2 e5 26. Qe2 e4 27. Rd1 Nxc4 28. Rd4
b5 29. a4 a6 30. axb5 axb5 31. Rc1 Kh7 32. Qa2 Nxd6 33. Qb1 Rxc1+ 34. Qxc1 Qxe7
35. Qd1 e3 36. fxe3 Qxe3+ 37. Kh2 Qe5+ 38. Kg1 Qc5 39. Kh2 Qe5+ 40. Kg1 Bc6 41.
Rxd6 Be4 42. Rd7 b4 43. Qd4 Qg3 44. Qf2 Qxf2+ 45. Kxf2 b3 46. Rd2 Bc2 0-1

[Event "ch-RUS Blitz 2017"]
[Site "Sochi RUS"]
[Date "2017.10.02"]
[Round "3.2"]
[White "Dubov, Daniil"]
[Black "Belyakov, Bogdan"]
[Result "1-0"]
[WhiteTitle "GM"]
[BlackTitle "IM"]
[WhiteElo "2666"]
[BlackElo "2486"]
[WhiteFideId "24126055"]
[BlackFideId "24104795"]
[EventDate "2017.10.02"]
[EventType "blitz"]

1. c4 Nf6 2. Nc3 g6 3. e4 d6 4. d4 Bg7 5. Nf3 O-O 6. Be2 e5 7. O-O Nc6 8. d5 Ne7
9. b4 Nh5 10. c5 f5 11. Ng5 Nf6 12. Ba3 fxe4 13. Ncxe4 Nxe4 14. Nxe4 Nf5 15. b5
Kh8 16. Rc1 b6 17. cxd6 cxd6 18. Bg4 a6 19. Bxf5 Bxf5 20. Nxd6 axb5 21. Nxb5 Rf7
22. Nd6 Rd7 23. Nxf5 gxf5 24. Qb3 Rxd5 25. Be7 Qd7 26. Rc7 Qxc7 27. Qxd5 Re8 28.
Bb4 h6 29. g3 Qc2 30. a3 f4 31. Re1 Qf5 32. Bc3 f3 33. h4 Rf8 34. Bxe5 Qh3 35.
Bxg7+ Kxg7 36. Re7+ Kg6 37. h5+ 1-0

[Event "ch-RUS Blitz 2017"]
[Site "Sochi RUS"]
[Date "2017.10.02"]
[Round "3.3"]
[White "Dzhumagaliev, Yan"]
[Black "Artemiev, Vladislav"]
[Result "0-1"]
[WhiteTitle "FM"]
[BlackTitle "GM"]
[WhiteElo "2400"]
[BlackElo "2692"]
[WhiteFideId "24100110"]
[BlackFideId "24101605"]
[EventDate "2017.10.02"]
[EventType "blitz"]

1. d4 d5 2. Nf3 Nf6 3. c4 c6 4. e3 Bf5 5. Nc3 e6 6. Nh4 Bg6 7. Nxg6 hxg6 8. Qb3
Qc7 9. Bd2 Nbd7 10. h3 Nb6 11. cxd5 exd5 12. Bd3 Be7 13. Rc1 O-O 14. O-O a5 15.
a3 Rfe8 16. Qd1 Nc8 17. f3 Qd8 18. Bb1 Bf8 19. g4 Nd6 20. Ba2 b5 21. b3 a4 22.
bxa4 Nc4 23. Bxc4 bxc4 24. Rb1 Bxa3 25. Kg2 Qe7 26. Rb6 Qc7 27. Rb1 Reb8 28. Qc2
Bb4 29. e4 Qa5 30. e5 Nd7 31. Rxb4 Qxb4 32. Nxd5 Qb2 33. Ne3 Qxc2 34. Nxc2 Rxa4
35. Ne3 Rb2 36. Rf2 Nb6 37. f4 Raa2 38. Be1 Rxf2+ 39. Bxf2 c3 0-1

[Event "ch-RUS Blitz 2017"]
[Site "Sochi RUS"]
[Date "2017.10.02"]
[Round "3.4"]
[White "Tomashevsky, Evgeny"]
[Black "Sharafiev, Azat"]
[Result "1/2-1/2"]
[WhiteTitle "GM"]
[BlackTitle "IM"]
[WhiteElo "2710"]
[BlackElo "2433"]
[WhiteFideId "4147235"]
[BlackFideId "4186214"]
[EventDate "2017.10.02"]
[EventType "blitz"]

1. c4 Nf6 2. Nc3 e6 3. d4 Bb4 4. Bd2 O-O 5. Nf3 d5 6. e3 b6 7. cxd5 Nxd5 8. Rc1
Bb7 9. Be2 c5 10. O-O cxd4 11. Nxd4 Nxc3 12. Bxc3 Bxc3 13. Rxc3 Nd7 14. Bf3 Bxf3
15. Qxf3 Nf6 16. Rfc1 Nd5 17. Rc4 Qd7 18. Nc6 Ne7 19. Ne5 Qb5 20. Nd3 Rad8 21.
Qe2 Rc8 22. b3 Rxc4 23. Rxc4 Rc8 24. Rxc8+ Nxc8 25. Qc2 Nd6 26. Qc7 Ne8 27. Qd8
Kf8 28. Kf1 Qc6 29. h3 Qd6 30. Qxd6+ Nxd6 31. Ne5 Ke8 32. Ke2 f6 33. Nc6 a5 34.
Kd3 Kd7 35. Nd4 e5 36. Ne2 Kc6 37. Nc3 b5 38. a3 Nb7 39. g4 Nc5+ 40. Kc2 b4 41.
axb4 axb4 42. Nd1 g6 43. f3 f5 44. gxf5 gxf5 45. Nf2 Kd5 46. Nd3 Nxd3 47. Kxd3
e4+ 48. fxe4+ fxe4+ 49. Ke2 Ke5 1/2-1/2

[Event "ch-RUS Blitz 2017"]
[Site "Sochi RUS"]
[Date "2017.10.02"]
[Round "3.5"]
[White "Pridorozhni, Aleksei"]
[Black "Potapov, Pavel"]
[Result "1-0"]
[WhiteTitle "GM"]
[BlackTitle "GM"]
[WhiteElo "2565"]
[BlackElo "2479"]
[WhiteFideId "4127870"]
[BlackFideId "4169786"]
[EventDate "2017.10.02"]
[EventType "blitz"]

1. e4 d5 2. Nc3 d4 3. Nce2 e5 4. Ng3 g6 5. Bc4 Bg7 6. d3 Nc6 7. f4 h5 8. h3 h4
9. N3e2 Nf6 10. Nf3 exf4 11. Nxf4 Qe7 12. O-O Bd7 13. e5 Nh5 14. e6 Bxe6 15.
Nxe6 fxe6 16. Ng5 O-O-O 17. Rf7 Qd6 18. Nxe6 Rd7 19. Nxg7 Rxf7 20. Bxf7 Nxg7 21.
Qg4+ Kb8 22. Qxg6 Qe5 23. Bd2 Nf5 24. Qg5 Ng3 25. Qxe5 Nxe5 26. Bd5 Rf8 27. Re1
c6 28. Be4 Kc7 29. Bg5 Nxe4 30. Rxe4 Ng6 31. Bxh4 c5 32. Be7 Re8 33. Bd6+ 1-0

[Event "ch-RUS Blitz 2017"]
[Site "Sochi RUS"]
[Date "2017.10.02"]
[Round "3.6"]
[White "Fedoseev, Vladimir3"]
[Black "Kozak, Alexander"]
[Result "0-1"]
[WhiteTitle "GM"]
[BlackTitle "FM"]
[WhiteElo "2731"]
[BlackElo "2315"]
[WhiteFideId "24130737"]
[BlackFideId "4135881"]
[EventDate "2017.10.02"]
[EventType "blitz"]

1. e4 c6 2. d4 d5 3. exd5 cxd5 4. Bd3 Nc6 5. c3 Nf6 6. Bf4 Bg4 7. Qb3 Qd7 8. Nd2
e6 9. Ngf3 Bxf3 10. Nxf3 Bd6 11. Bg3 O-O 12. O-O Bxg3 13. hxg3 Qc7 14. Rae1 Rab8
15. a4 a6 16. Qc2 Rfc8 17. Qe2 Qa5 18. Ra1 Qc7 19. Rfe1 h6 20. Nd2 Re8 21. f4
Ne7 22. Qf3 h5 23. Nf1 g6 24. Ne3 Qd7 25. g4 hxg4 26. Nxg4 Nxg4 27. Qxg4 b5 28.
axb5 axb5 29. Qg5 b4 30. Qh6 bxc3 31. Re3 cxb2 32. Rb1 Qa7 33. Rh3 Qxd4+ 34. Kh1
Qg7 35. Qh4 Nf5 36. Qe1 Rec8 37. g4 Nd6 38. Kg2 Ne4 39. Qh4 Rc3 40. Rbh1 Rxd3
41. Qh8+ Qxh8 42. Rxh8+ Kg7 43. R1h7+ Kf6 44. Rxb8 Rd2+ 45. Kf3 g5 46. Rb7 Rf2+ 0-1

[Event "ch-RUS Blitz 2017"]
[Site "Sochi RUS"]
[Date "2017.10.02"]
[Round "3.7"]
[White "Usmanov, Vasily"]
[Black "Bocharov, Dmitry"]
[Result "0-1"]
[WhiteTitle "IM"]
[BlackTitle "GM"]
[WhiteElo "2459"]
[BlackElo "2585"]
[WhiteFideId "4135741"]
[BlackFideId "4138716"]
[EventDate "2017.10.02"]
[EventType "blitz"]

1. d4 Nf6 2. Bg5 e6 3. Nd2 c5 4. c3 Nc6 5. dxc5 Bxc5 6. Bxf6 Qxf6 7. Ne4 Qe7 8.
Nxc5 Qxc5 9. e4 O-O 10. Nf3 d5 11. exd5 Rd8 12. Qc2 Rxd5 13. Bd3 h6 14. O-O-O
Bd7 15. Bh7+ Kh8 16. Rxd5 exd5 17. Rd1 Rd8 18. Nd4 Nxd4 19. Rxd4 Re8 20. Bf5 Bb5
21. Rd1 Re2 22. Rd2 Qxf2 23. Rxe2 Bxe2 24. Qd2 0-1

[Event "ch-RUS Blitz 2017"]
[Site "Sochi RUS"]
[Date "2017.10.02"]
[Round "3.8"]
[White "Morozevich, Alexander"]
[Black "Gochelashvili, David"]
[Result "0-1"]
[WhiteTitle "GM"]
[BlackTitle "IM"]
[WhiteElo "2676"]
[BlackElo "2432"]
[WhiteFideId "4116992"]
[BlackFideId "4161203"]
[EventDate "2017.10.02"]
[EventType "blitz"]

1. d4 g6 2. h4 h6 3. e4 Bg7 4. Nc3 d5 5. exd5 Nf6 6. Bc4 Nbd7 7. Bb3 Nb6 8. Qf3
a5 9. a4 O-O 10. Bf4 Re8 11. Be5 Bg4 12. Qg3 Qd7 13. f3 Bf5 14. Nge2 Nfxd5 15.
Nxd5 Nxd5 16. Bxg7 Kxg7 17. Qe5+ Nf6 18. g4 Be6 19. g5 Bxb3 20. cxb3 Ra6 21. Rh2
Re6 22. gxf6+ exf6 23. Qf4 Qe7 24. Qd2 Qd6 25. Rg2 Qd5 26. O-O-O Qxf3 27. Nc3
Re3 28. Rf2 Qg4 29. Rdf1 Qxh4 30. Kb1 f5 31. Ka2 c6 32. d5 cxd5 33. Qxd5 Qb4 34.
Rf4 Qe7 35. Qxa5 h5 36. Nd5 Qe5 37. Qb5 Re2 38. Rb1 Rd8 39. Rff1 Rxd5 40. Qxb7
Rdd2 41. Ka3 Rxb2 42. Rxb2 Qxb2+ 43. Kb4 Qd4+ 0-1

[Event "ch-RUS Blitz 2017"]
[Site "Sochi RUS"]
[Date "2017.10.02"]
[Round "3.9"]
[White "Korchmar, Vasiliy"]
[Black "Sjugirov, Sanan"]
[Result "0-1"]
[WhiteTitle "IM"]
[BlackTitle "GM"]
[WhiteElo "2399"]
[BlackElo "2650"]
[WhiteFideId "24131750"]
[BlackFideId "4189302"]
[EventDate "2017.10.02"]
[EventType "blitz"]

1. d4 d6 2. e4 g6 3. Nc3 Bg7 4. f4 a6 5. Nf3 b5 6. Bd3 Bb7 7. O-O Nd7 8. a4 b4
9. Ne2 c5 10. c3 e6 11. f5 exf5 12. exf5 Ngf6 13. Bf4 Qc7 14. cxb4 cxb4 15. Rc1
Qb8 16. Bc4 O-O 17. fxg6 hxg6 18. Qb3 Nb6 19. Qxb4 Nxc4 20. Qxc4 Bd5 21. Qd3 Be4
22. Qd2 Nd5 23. Bh6 Qb4 24. Bxg7 Kxg7 25. Qxb4 Nxb4 26. Ng3 Bd5 27. Rc7 Rac8 28.
Rfc1 Rxc7 29. Rxc7 Re8 30. Rd7 Re6 31. h4 Bc6 32. Rc7 Bxf3 33. gxf3 Re3 34. Kf2
Rb3 35. Ne4 Nd5 36. Ra7 Rxb2+ 0-1

[Event "ch-RUS Blitz 2017"]
[Site "Sochi RUS"]
[Date "2017.10.02"]
[Round "3.10"]
[White "Alekseev, Evgeny"]
[Black "Popov, Mikhail"]
[Result "1/2-1/2"]
[WhiteTitle "GM"]
[BlackTitle "FM"]
[WhiteElo "2622"]
[BlackElo "2416"]
[WhiteFideId "4138147"]
[BlackFideId "4146182"]
[EventDate "2017.10.02"]
[EventType "blitz"]

1. e4 g6 2. d4 Bg7 3. Nf3 d6 4. Bd3 Nf6 5. O-O O-O 6. Re1 Nc6 7. d5 Ne5 8. Nxe5
dxe5 9. c4 a5 10. Nc3 h6 11. Bf1 e6 12. f3 exd5 13. cxd5 c6 14. dxc6 Qb6+ 15.
Be3 Qxc6 16. Rc1 Be6 17. Bb5 Qc8 18. Nd5 Qb8 19. Nc7 Rd8 20. Qa4 Ra7 21. Nxe6
fxe6 22. Qc4 b6 23. Qxe6+ Kh7 24. Rcd1 Rxd1 25. Rxd1 Rc7 26. a4 Rc2 27. Qxb6 Qf8
28. Qxa5 Rxb2 29. Qc3 Ra2 30. Qc5 Qb8 31. Qc4 Rb2 32. Qc3 Ra2 33. Qc6 Qf8 34.
Bc5 Qg8 35. Bf2 Qb3 36. Rf1 Qb2 37. Qc7 Qd2 38. h3 Nh5 39. Qc1 Qd8 40. Qd1 Rd2
41. Qb3 Nf4 42. Kh1 Qg5 43. g3 Nxh3 44. Kg2 Nf4+ 45. Kg1 Nh3+ 46. Kg2 Nf4+ 47.
Kg1 1/2-1/2

[Event "ch-RUS Blitz 2017"]
[Site "Sochi RUS"]
[Date "2017.10.02"]
[Round "3.11"]
[White "Vastrukhin, Oleg"]
[Black "Korotylev, Alexey"]
[Result "0-1"]
[BlackTitle "GM"]
[WhiteElo "2386"]
[BlackElo "2573"]
[WhiteFideId "4192770"]
[BlackFideId "4119142"]
[EventDate "2017.10.02"]
[EventType "blitz"]

1. Nf3 Nf6 2. g3 d5 3. Bg2 c6 4. O-O Bg4 5. Ne5 Bh5 6. d4 e6 7. c4 Be7 8. Nc3
Nbd7 9. Qb3 Qc8 10. Bf4 Nxe5 11. Bxe5 O-O 12. Rfc1 Qd7 13. Bxf6 Bxf6 14. e3 Rfd8
15. a4 a5 16. h3 Be7 17. g4 Bg6 18. Ne2 h6 19. Nf4 Bh7 20. Nd3 Bd6 21. f4 Qe7
22. c5 Bb8 23. Qc3 Bc7 24. Ra3 Qh4 25. Rb3 Rab8 26. Qe1 Qe7 27. Qf2 Bxd3 28.
Rxd3 b6 29. cxb6 Rxb6 30. Rdc3 Qe8 31. Qc2 Rdb8 32. b3 Bd8 33. Rxc6 Rxb3 34. Rc8
Qd7 35. Rxb8 Rxb8 36. Qc6 Qe7 37. Qc2 Qa3 38. Qc3 Qxa4 39. Kh2 Qd7 40. Kg3 Qe7
41. Kf3 Qd7 42. Qc6 Qa7 43. Ra1 Be7 44. Bf1 Bb4 45. Bd3 Qe7 46. Rc1 Qh4 47. Bf1
Bf8 48. Qc2 Qe7 49. Bd3 Qa3 50. Bf1 a4 51. Qc3 Qxc3 52. Rxc3 a3 53. Rc2 g6 54.
Bd3 Kg7 55. Ra2 g5 56. f5 Kf6 57. fxe6 fxe6 58. Bc2 Bd6 59. Ke2 Rc8 60. Kd3 Bb4
61. Ke2 e5 62. Bf5 Rc3 63. dxe5+ Kxe5 64. Ra1 Bc5 65. Kd2 Rxe3 66. Rc1 Bd4 67.
Rc8 a2 68. Ra8 Rxh3 0-1

[Event "ch-RUS Blitz 2017"]
[Site "Sochi RUS"]
[Date "2017.10.02"]
[Round "3.12"]
[White "Savchenko, Boris"]
[Black "Antonenko, Vladimir"]
[Result "1-0"]
[WhiteTitle "GM"]
[BlackTitle "FM"]
[WhiteElo "2581"]
[BlackElo "2330"]
[WhiteFideId "4147332"]
[BlackFideId "24159409"]
[EventDate "2017.10.02"]
[EventType "blitz"]

1. e4 c5 2. Nf3 Nc6 3. d4 cxd4 4. Nxd4 e6 5. Nc3 Qc7 6. a3 a6 7. Be3 Nf6 8. f4
d6 9. Be2 Be7 10. Qd3 O-O 11. O-O-O Nd7 12. Qc4 Nc5 13. Nxc6 Qxc6 14. Bf3 b5 15.
Qd4 Bb7 16. Kb1 Qc7 17. Rhe1 Rfd8 18. Qd2 Rab8 19. Bd4 Ba8 20. Qe3 a5 21. Bxc5
dxc5 22. Rxd8+ Qxd8 23. Rd1 Qc7 24. Ne2 b4 25. e5 Bxf3 26. Qxf3 Rd8 27. Rxd8+
Qxd8 28. Kc1 Qd5 29. Qxd5 exd5 30. axb4 axb4 31. c3 c4 32. cxb4 Bxb4 33. Nc3 d4
34. Ne4 Kf8 35. g4 Ke7 36. f5 Ba5 37. Nd6 c3 38. Nc4 cxb2+ 39. Kxb2 Bc3+ 40. Kc2
Kd7 41. Kd3 Ke7 42. Ke4 Ba1 43. h4 h6 44. Nd2 Bc3 45. Nf3 d3 46. Kxd3 Ba1 47.
Ke4 Bc3 48. Kd5 Ba1 49. Nd4 Bc3 50. h5 Bd2 51. Nc6+ Kd7 52. e6+ Ke8 53. Ne5
fxe6+ 54. Kxe6 Kf8 55. Nd7+ Kg8 56. f6 gxf6 57. Kxf6 Kh7 58. Kf7 Bb4 59. Nf8+
Bxf8 60. Kxf8 Kh8 61. Kf7 Kh7 62. Kf6 1-0

[Event "ch-RUS Blitz 2017"]
[Site "Sochi RUS"]
[Date "2017.10.02"]
[Round "3.13"]
[White "Triapishko, Alexandr"]
[Black "Zvjaginsev, Vadim"]
[Result "0-1"]
[WhiteTitle "IM"]
[BlackTitle "GM"]
[WhiteElo "2500"]
[BlackElo "2643"]
[WhiteFideId "14122286"]
[BlackFideId "4113403"]
[EventDate "2017.10.02"]
[EventType "blitz"]

1. e4 c5 2. Nf3 g6 3. c4 Bg7 4. d4 Qa5+ 5. Bd2 Qb6 6. Bc3 cxd4 7. Bxd4 Bxd4 8.
Qxd4 Qxd4 9. Nxd4 Nc6 10. Nb5 Kf8 11. Nd2 Nf6 12. f3 d6 13. Rc1 Bd7 14. Be2 a6
15. Nc3 e6 16. Kf2 Ke7 17. f4 Rac8 18. Rhd1 Rhd8 19. a3 h6 20. Nf3 Ng4+ 21. Kg3
Ne3 22. Re1 Na5 23. c5 dxc5 24. Kf2 Ng4+ 25. Kg3 Nf6 26. Kf2 Nb3 27. Rcd1 b5 28.
Bd3 b4 29. Na2 a5 30. Bc2 Ba4 31. Ne5 Nd7 32. Nc4 Ra8 33. Rd3 Bb5 34. Bxb3 a4
35. Nc1 axb3 36. Rxd7+ Rxd7 37. Nb6 Rd2+ 38. Ke3 Rad8 39. Nc8+ Kf8 40. Na7 Ba6
41. Nc6 bxa3 42. Nxd8 axb2 43. Nxe6+ fxe6 44. Nxb3 Rd3+ 0-1

[Event "ch-RUS Blitz 2017"]
[Site "Sochi RUS"]
[Date "2017.10.02"]
[Round "3.14"]
[White "Grachev, Boris"]
[Black "Utnasunov, Alexander"]
[Result "1-0"]
[WhiteTitle "GM"]
[WhiteElo "2654"]
[BlackElo "2446"]
[WhiteFideId "4129199"]
[BlackFideId "4134524"]
[EventDate "2017.10.02"]
[EventType "blitz"]

1. d4 d5 2. Bf4 Nf6 3. e3 e6 4. Nd2 Bd6 5. Bg3 c5 6. c3 Nc6 7. Ngf3 b6 8. Bb5
Bb7 9. Qa4 Qc7 10. Bxd6 Qxd6 11. Ne5 Rc8 12. Qxa7 Qc7 13. dxc5 bxc5 14. Nxc6
Bxc6 15. Qxc5 Bxb5 16. Qxb5+ Nd7 17. Nb3 O-O 18. O-O Ne5 19. Qe2 Nc4 20. h3 Ra8
21. Rfb1 Rfb8 22. Nd4 e5 23. Nf3 e4 24. Nd4 Ne5 25. a4 Nd3 26. Qh5 Qc4 27. Nf5
Ra5 28. b4 Ra7 29. Qg5 f6 30. Qg3 Rba8 31. b5 g6 32. b6 Rb7 33. Nd6 1-0

[Event "ch-RUS Blitz 2017"]
[Site "Sochi RUS"]
[Date "2017.10.02"]
[Round "3.15"]
[White "Smagin, Sergey"]
[Black "Timofeev, Artyom"]
[Result "0-1"]
[WhiteTitle "GM"]
[BlackTitle "GM"]
[WhiteElo "2551"]
[BlackElo "2549"]
[WhiteFideId "4100425"]
[BlackFideId "4140419"]
[EventDate "2017.10.02"]
[EventType "blitz"]

1. e4 c5 2. Nf3 Nc6 3. c3 Nf6 4. e5 Nd5 5. Na3 d6 6. exd6 e6 7. Nc4 Bxd6 8.
Nxd6+ Qxd6 9. d4 O-O 10. dxc5 Qxc5 11. Bd3 Rd8 12. Qc2 h6 13. O-O b6 14. Qe2 Bb7
15. Bc2 a5 16. Re1 a4 17. Qe4 Nf6 18. Qh4 Qh5 19. Qxh5 Nxh5 20. Be3 b5 21. Bb6
Rdc8 22. Rad1 Nf6 23. a3 Nd5 24. Bd4 Na5 25. Ne5 Nc4 26. Nxc4 bxc4 27. Be4 Bc6
28. Bxd5 Bxd5 29. f3 Rab8 30. Rd2 Rb5 31. Ree2 f6 32. Kf2 h5 33. h4 Kf7 34. Kg3
e5 35. Be3 Ke6 36. Kf2 Kf5 37. Kg3 Kg6 38. Kf2 Rcb8 39. Ba7 R8b7 40. Be3 Be6 41.
Kg3 Bf5 42. Kh2 Bd3 43. Rf2 Kf5 44. Kh3 Rd5 45. Kh2 Rbd7 46. Bb6 Bb1 47. Rxd5
Rxd5 48. Be3 Rd3 49. Bc5 Rd1 50. Kg3 Bd3 51. Bf8 g5 52. hxg5 fxg5 53. Kh2 Kg6
54. Be7 Re1 55. Bd6 e4 56. fxe4 Bxe4 57. Bc5 h4 58. Bd4 g4 59. Rf8 Kg5 60. Bf6+
Kh5 61. Rh8+ Kg6 62. Bxh4 Re2 63. Kg3 Rxg2+ 64. Kf4 Bf3 65. Ra8 Bd1 66. Ra5 Rxb2
67. Rg5+ Kf7 68. Rc5 Be2 69. Ra5 Bd1 70. Rc5 Ra2 71. Rxc4 Rxa3 72. Bf2 Ra1 73.
Bd4 a3 74. Rc7+ Ke6 75. Ra7 Bb3 76. Kxg4 Bc4 0-1